书目信息 |
| 题名: |
日本文化中的恶与罪
|
|
| 作者: | 中村雄二郎 著 ;孙彬 译 | |
| 分册: | ||
| 出版信息: | 北京 北京大学出版社 2005 |
|
| 页数: | 110页 | |
| 开本: | 23cm | |
| 丛书名: | ||
| 单 册: | ||
| 中图分类: | G131.32 , G131 | |
| 科图分类: | ||
| 主题词: | 文化--研究--日本 | |
| 电子资源: | ||
| ISBN: | 7-301-08316-5 | |
| 000 | 00974n|m0 2200241 450 | |
| 001 | 1539759900 | |
| 005 | 20150126110302.75 | |
| 010 | @a7-301-08316-5@dCNY20.00 | |
| 100 | @a20050221d2005 em y0chiy50 ea | |
| 101 | 1 | @achi@cjpn |
| 102 | @aCN@b110000 | |
| 105 | @ay z 000yy | |
| 200 | 1 | @a日本文化中的恶与罪@9ri ben wen hua zhong de e yu zui@f(日)中村雄二郎著@g孙彬译 |
| 210 | @a北京@c北京大学出版社@d2005 | |
| 215 | @a110页@d23cm | |
| 330 | @a本书从阐述日本文化自身特点与揭示现代日本社会的症结入手,深入分析了日本奥姆真理教从形式到发展直到最终酿成耸人听闻的“东京地铁沙林事件”整个过程的根本原因。作者从对日本耻感文化中的“罪”与“恶”的分析,揭示了融合佛教、儒教、道教的日本文化的特征与奥姆真理教产生之闻的必然联系。 | |
| 606 | 0 | @a文化@x研究@y日本 |
| 690 | @aG131.32@v5 | |
| 690 | @aG131@v4 | |
| 701 | 0 | @c(日)@a中村雄二郎@9zhong cun xiong er lang@f(1925~)@4著 |
| 702 | 0 | @a孙彬@9sun bin@c(女)@4译 |
| 801 | 0 | @aCN@bTSSF@c20150126 |
| 905 | @aZUCC@dG131@eJY24 | |
| 日本文化中的恶与罪/(日)中村雄二郎著/孙彬译.-北京:北京大学出版社,2005 |
| 110页;23cm |
| ISBN 7-301-08316-5:CNY20.00 |
| 本书从阐述日本文化自身特点与揭示现代日本社会的症结入手,深入分析了日本奥姆真理教从形式到发展直到最终酿成耸人听闻的“东京地铁沙林事件”整个过程的根本原因。作者从对日本耻感文化中的“罪”与“恶”的分析,揭示了融合佛教、儒教、道教的日本文化的特征与奥姆真理教产生之闻的必然联系。 |
| ● |
| 相关链接 |
|
|
|
|
正题名:日本文化中的恶与罪
索取号:G131/JY24
 
预约/预借
| 序号 | 登录号 | 条形码 | 馆藏地/架位号 | 状态 | 备注 |
| 1 | 7859798 | 278597984 | 学院路分馆/ [索取号:G131/JY24] | 在馆 | |
| 2 | 7859799 | 278597993 | 学院路分馆/ [索取号:G131/JY24] | 在馆 |